01253nam a2200265Ia 4500003000400000005001700004008004100021020002900062040001700091082002000108100002200128245005400150250001100204260003000215300001700245650002400262650003700286942000900323952012600332952012600458952012600584952013800710952012600848999001300974IIN20240124164954.0231217s9999 xx 000 0 und d cRs.755.00a9788131252697 aIINbEnglish a610.73072 bSHA1 aSharma, Suresh K.1 aNursing Research and StatisticscSuresh K. Sharma a3rd ed bElsevieraNew Delhic2019 axiii, 610 p.1 aResearch vNursing 1 aResearch and StatisticsvNursing cBOOK 00102ddc40708Purches BookaIINbIINd2023-12-17g755.00l0o610.73072 SHAp607r2023-12-17 21:32:22w2023-12-17yBOOK 00102ddc40708Purches BookaIINbIINd2023-12-17g755.00l0o610.73072 SHAp608r2023-12-17 21:32:22w2023-12-17yBOOK 00102ddc40708Purches BookaIINbIINd2023-12-17g755.00l0o610.73072 SHAp609r2023-12-17 21:32:22w2023-12-17yBOOK 00102ddc40708Purches BookaIINbIINd2023-12-17g755.00l1o610.73072 SHAp610r2024-03-22 15:57:16s2024-03-18w2023-12-17yBOOK 00102ddc40708Purches BookaIINbIINd2023-12-17g755.00l0o610.73072 SHAp611r2023-12-17 21:32:22w2023-12-17yBOOK c612d612